01896nab a2200241uuc4500001000800000005001700008008004100025035001200066040001300078041000800091100006500099245010300164520104100267650002901308650002801337650003001365650003201395700004901427700004301476773010601519942001001625999001901635130051520240202110608.0121003e20120301 spa  a1300515 ccomduadb aspa10aSantiesteban Velázquez, Norge de Jesús4auteaut964331110aEncefalomielitis aguda diseminada. Reporte de un caso con afectación selectiva de tallo cerebral3 aIntroducción: La encefalomielitis aguda diseminada (EMAD) es un trastorno neurológico autoinmune de la sustancia blanca del sistema nervioso. Esta afección puede manifestarse de manera espontánea o secundaria a infecciones o a vacunación. La mayoría de las veces evoluciona de manera monofásica con manifestaciones clínicas inespecíficas, por lo que la sospecha diagnóstica es fundamental. Objetivo: Presentar un caso clínico de presentación infrecuente con afectación selectiva del tallo cerebral. Caso clínico: Presentamos el caso de una paciente de 28 años de edad, de sexo femenino, portadora de EMAD. Se discuten la forma clínica de presentación, los hallazgos neurorradiológicos y el tratamiento realizado. Conclusión: La EMAD es una patología poco frecuente, que puede tener un curso mortal. El diagnóstico definitivo se realiza a través de RM y el tratamiento más efectivo pareciera ser los corticoides, aunque un porcentaje de pacientes evoluciona espontáneamente a la mejoría. aEncefalomielitis9154664 aDesmielinizacion920226 7aAutoinmunidad2dcs924477 aTronco encefálico918729310aMerayo Llanes, Regla Yudit4auteaut965762510aCamejo León, Zoilo4auteaut96767920 tNeurociencias en Colombia (Bogotá)gVol. 19, No. 01, Mar. 2012, p. 37-41w441638x0123-40480118003 cARIMP c636531d636531